Advances in fuzzy control
Αποθηκεύτηκε σε:
| Άλλοι συγγραφείς: | , |
|---|---|
| Μορφή: | Βιβλίο |
| Γλώσσα: | English |
| Δημοσίευση: |
Heidelberg :
Physica-Verlag,
c1998
|
| Σειρά: | Studies in fuzziness and soft computing ;
; 16 |
| Θέματα: | |
| Ετικέτες: |
Προσθήκη ετικέτας
Δεν υπάρχουν, Καταχωρήστε ετικέτα πρώτοι!
|
MARC
| LEADER | 00000nam a2200000 i 4500 | ||
|---|---|---|---|
| 001 | 1/15988 | ||
| 008 | 010122s1998 eng d | ||
| 020 | |a 3-7908-1090-8 | ||
| 035 | |l 10065614 | ||
| 040 | |a GR-MY-UA |b gre |e aacr | ||
| 041 | 0 | |a eng | |
| 082 | 0 | |a 629.8 | |
| 245 | 1 | 0 | |a Advances in fuzzy control / |c Dimiter Driankov, Rainer Palm (Eds.) |
| 260 | |a Heidelberg : |b Physica-Verlag, |c c1998 | ||
| 300 | |a viii, 417 p.; |b ill.; |c 24 cm. | ||
| 490 | 1 | |a Studies in fuzziness and soft computing |v ; 16 | |
| 500 | |a With 146 figures and 16 tables | ||
| 504 | |a Includes bibliographical references | ||
| 650 | 0 | 0 | |a Automatic control. |
| 650 | 0 | 0 | |a Fuzzy systems. |
| 700 | 1 | |a Driankov, Dimiter. |4 edt | |
| 700 | 1 | |a Palm, Rainer. | |
| 830 | 0 | |a Studies in fuzziness and soft computing ; |v ; 16 | |
| 852 | |a INST |b SYROS |e 20010122 |h 629.8 ADV |p 005500001648 |q 005500001648 |t BK |y 0 | ||
| 901 | |a BIBL5-2001-1 | ||
| 909 | |a Ε |b 084429 | ||
| 922 | |a 5ΕΛΗ |b 200012 |c ΓΡΑΦΙΚΩΝ ΤΕΧΝΩΝ |d ΜΙΧΑΛΟΠΟΥΛΟΣ | ||
| 950 | |a 183-2000-12-09 | ||
| 970 | |a ΚΟΝΤΟΥ |b ΠΑΡΑΣΚΕΥΗ |z 2001/01/24 | ||